Wuthering Waves banners (V.2.6) - Statistics

General Stats
  • This quiz has been taken 73 times
  • The average score is 47 of 55
Answer Stats
Version Phase 5 star % Correct
1.3 1 Shorekeeper
93%
2.2 2 Shorekeeper
93%
2.6 1 Shorekeeper
93%
1.0 2 Yinlin
93%
1.4 2 Yinlin
93%
2.3 1 Yinlin
93%
2.0 1 Carlotta
91%
2.3 2 Carlotta
91%
2.6 1 Carlotta
91%
2.6 1 Augusta
89%
2.1 2 Brant
89%
2.3 2 Brant
89%
2.5 2 Brant
89%
1.1 2 Changli
89%
2.1 2 Changli
89%
2.3 2 Changli
89%
2.1 1 Phoebe
89%
2.3 1 Phoebe
89%
1.4 1 Camellya
87%
2.2 1 Camellya
87%
2.2 1 Cantarella
87%
2.5 2 Cantarella
87%
2.6 2 Iuno
87%
1.1 1 Jinhsi
87%
2.0 2 Jinhsi
87%
2.3 2 Jinhsi
87%
1.0 1 Jiyan
87%
1.3 2 Jiyan
87%
2.3 1 Jiyan
87%
2.3 1 Zani
87%
1.2 1 Zhezhi
87%
2.0 1 Zhezhi
87%
2.3 1 Zhezhi
87%
Chixia
84%
2.4 2 Lupa
84%
2.5 1 Phrolova
84%
Baizhi
82%
Mortefi
82%
2.0 2 Roccia
82%
2.3 2 Roccia
82%
2.5 1 Roccia
82%
Yangyang
82%
Aalto
80%
2.3 2 Ciaccona
80%
2.6 2 Ciaccona
80%
Danjin
80%
Sanhua
80%
2.4 1 Cartethyia
78%
1.2 2 Xiangli Yao
78%
1.4 2 Xiangli Yao
78%
2.3 1 Xiangli Yao
78%
Taoqi
76%
Youhu
76%
Yuanwu
76%
Lumi
67%
No matching quizzes found
Score Distribution
Percent of People with Each Score
Percentile by Number Answered
Your Score History
You have not taken this quiz